000 00554nam a2200157 i 4500
001 95544
003 ES-MaACL
007 t|
008 050531s1923 sp ||||1| spa d
100 1 _aLlave y Sierra, Joaquín de la.
_972735
245 1 0 _aComunicaciones militares
_b: medios de transporte /
_cpor los comandantes Joaquín de la Llave y Sierra y Gustavo de Montand y Noguerol.
260 _aMadrid :
_b[s.n.],
_c1923 (
_fImp. Cervantina)
300 _a459 p. ;
_c25 cm.
700 1 _aMontand y Noguerol, Gustavo de.
_982358
852 _aES-MaACL
_jB-4384
999 _c95544
_d95544